Online
Catalog

Poesigrafía : (Record no. 40883)

MARC details
000 -CABECERA
campo de control de longitud fija 00707nam a2200205 a 4500
001 - NÚMERO DE CONTROL
campo de control 000041393
005 - FECHA Y HORA DE LA ÚLTIMA TRANSACCIÓN
campo de control 20240412074301.0
008 - DATOS DE LONGITUD FIJA--INFORMACIÓN GENERAL
campo de control de longitud fija 131001s2003 dr r 001 p spa d
020 ## - NÚMERO INTERNACIONAL ESTÁNDAR DEL LIBRO
Número Internacional Estándar del Libro 9993455393
040 ## - FUENTE DE LA CATALOGACIÓN
Centro catalogador/agencia de origen DO-SdBNP
Lengua de catalogación spa
Centro/agencia transcriptor BNPHU
082 ## - NÚMERO DE LA CLASIFICACIÓN DECIMAL DEWEY
Número de clasificación RD861.509
Número de documento/Ítem M798p
100 1# - ENTRADA PRINCIPAL--NOMBRE DE PERSONA
Nombre de persona Montolío, Julio,
Fechas asociadas al nombre 1943-
9 (RLIN) 68045
245 10 - MENCIÓN DE TÍTULO
Título Poesigrafía :
Resto del título algunas técnicas de la poesía /
Mención de responsabilidad, etc. Julio Montolío.
260 ## - PUBLICACIÓN, DISTRIBUCIÓN, ETC.
Lugar de publicación, distribución, etc. Santo Domingo :
Nombre del editor, distribuidor, etc. Ciguapa,
Fecha de publicación, distribución, etc. 2003.
500 ## - NOTA GENERAL
Nota general Incluye datos biografícos del autor en la contracubierta .
590 ## - NOTA LOCAL (RLIN)
Nota local Inventariado, 2018/BT
650 #4 - PUNTO DE ACCESO ADICIONAL DE MATERIA--TÉRMINO DE MATERIA
Término de materia o nombre geográfico como elemento de entrada Poesía dominicana
Subdivisión general Historia y crítica
9 (RLIN) 13072
650 #0 - PUNTO DE ACCESO ADICIONAL DE MATERIA--TÉRMINO DE MATERIA
Término de materia o nombre geográfico como elemento de entrada Literatura dominicana.
9 (RLIN) 67
910 ## - DATOS DE OPCIÓN DEL USUARIO (OCLC)
Datos de opción del usuario Validado. Control de calidad. EMS
Holdings
Estado de retiro Estado de pérdida No para préstamo Código de colección Localización permanente Ubicación/localización actual Ubicación en estantería Fecha de adquisición Número de inventario Total de préstamos Signatura topográfica completa Código de barras Fecha visto por última vez Precio válido a partir de Tipo de ítem Koha Número de copia
    Excluido de préstamo Patrimonio Dominicano Patrimonio Dominicano Patrimonio Dominicano Depósito 01.10.2013 LF1   RD861.509 M798p 41393-10 25.06.2020 25.06.2020 Libro y Folleto Colección Patrimonio Dominicano  
  Extraviado Excluido de préstamo Patrimonio Dominicano Patrimonio Dominicano Patrimonio Dominicano Extraviado 16.07.2018 LF1   RD861.509 M798p 41393-20 25.06.2020 25.06.2020 Libro y Folleto Colección Patrimonio Dominicano e. 2

Powered by Koha